|
|
|
|
| LEADER |
00000nam0a2200000 4500 |
| 001 |
344205 |
| 005 |
20231102005635.0 |
| 035 |
|
|
|a (RuTPU)RU\TPU\book\375474
|
| 090 |
|
|
|a 344205
|
| 100 |
|
|
|a 20200114d2019 km y0rusy50 ca
|
| 101 |
0 |
|
|a rus
|
| 102 |
|
|
|a RU
|
| 105 |
|
|
|a a z 010zy
|
| 200 |
1 |
|
|a 50 лет клубу "Каникула". Исторические очерки. Воспоминания и фотографии. Наши любимые стихи и песни
|f сост. А. Соловьев
|
| 210 |
|
|
|a Томск
|c [Б. и.]
|d 2019
|
| 215 |
|
|
|a 252 с.
|c ил.
|
| 330 |
|
|
|a Книга предназначена для широкого круга читателей связанных с клубом "Каникула", со стройотрядовским движением и факультетом АВТФ ТПИ. А так же для организаторов клубного движения различных направлений. Анатолий Соловьев выражает благодарность всем каникулярам - предоставившим материалы для этой книги. "В любом историческом пересказе всякая приведенная истина есть только промежуточный итог и срок ее жизни - до обнаружения и появления новых источников знаний".
|
| 606 |
1 |
|
|a Томский политехнический университет
|2 stltpush
|3 (RuTPU)RU\TPU\subj\67475
|9 83260
|
| 610 |
1 |
|
|a история
|
| 610 |
1 |
|
|a Томский политехнический институт
|
| 610 |
1 |
|
|a Каникула
|
| 610 |
1 |
|
|a студенческие строительные отряды
|
| 610 |
1 |
|
|a Томск
|
| 610 |
1 |
|
|a выпускники ТПИ
|
| 610 |
1 |
|
|a АВТФ
|
| 610 |
1 |
|
|a воспоминания
|
| 610 |
1 |
|
|a поэзия
|
| 610 |
1 |
|
|a творчество
|
| 610 |
1 |
|
|a Коллекция История ТПУ
|
| 686 |
|
|
|a Ч484(2)72ТПУ
|v LBC/SL-A
|2 rubbk
|
| 702 |
|
1 |
|a Соловьев
|b А.
|g Анатолий
|4 220
|
| 801 |
|
1 |
|a RU
|b 63413507
|c 20200114
|
| 801 |
|
2 |
|a RU
|b 63413507
|c 20210204
|g RCR
|
| 942 |
|
|
|c BK
|